000 00356nam a2200133Ia 4500
008 090711s9999 xx 000 0 und d
082 _b57101
245 _aदर्शनीय पाथेय
260 _c1982
300 _a134
630 _aदर्शनीय पाथेय
730 _aदर्शनीय पाथेय
942 _cBOOK
999 _c287318
_d287318